000 00272nam a2200121Ia 4500
008 231129s2002||||xx |||||||||||||| ||spa||
040 _bspa
082 _aR 036.02 G964 2002
245 0 _aGuinnes World Records
260 _c2002
264 _aPlaneta.
942 _2ddc
_cBKS
999 _c14825
_d14825